000 00916nam a2200253Ia 4500
003 OSt
005 20221005113329.0
006 a|||||r|||| 00| 0
007 ta
008 221004b |||||||| |||| 00| 0 pan d
020 _a8173808023
_c160
024 _a117001
037 _b604, 16/02/2012, H.K. Prakashan
_cTextual
040 _aCRL
_cCRL
_bpan
041 _2pan
_apan
082 _aNT4443:g, 153P2
100 _aਉੱਪਲ, ਕਮਲੇ, ਥਦ।
245 0 _aਟੀਵੀ ਅਤੇ ਪੰਜਾਬੀ ਰੰਗਮੰਚ ਬਹੁਪੱਖੀ ਅਧਿਐਨ
260 _aਪਟਿਆਲਾ
_bਪਬਲੀਕੇਨ ਬਿਊਰੋ ਭਾਰਤ
_c2002
300 _a168ਪੰ
_ccm.
650 _aਪੰਜਾਬੀ ਸਾਹਿਤ
942 _hNT4443:g, 153P2
_cTEXL
_2cc
999 _c1027822
_d1027822